| 000 | 00784nam a22002295a 4500 | ||
|---|---|---|---|
| 003 | OSt | ||
| 005 | 20161102151929.0 | ||
| 008 | 161102s2016 ua frb 000 0 ara d | ||
| 015 | _a2014/26302 | ||
| 040 |
_aEG-ScBUE _bara _cEG-ScBUE |
||
| 043 | _af-ua--- | ||
| 082 | 0 | 4 |
_a323.50962 _bم ح م _222 |
| 100 | 1 | _aمحمد، أحمد سليمان عبد الراضي. | |
| 245 | 1 | 2 |
_aالحقوق السياسية / _cأحمد سليمان عبد الراضي محمد. |
| 260 |
_aالقاهرة : _bدار النهضة العربية، _c2016. |
||
| 300 |
_a282 ص. ؛ _c24 سم. |
||
| 504 | _aيشتمل على إرجاعات ببليوجرافية. | ||
| 650 | 0 |
_aالحقوق السياسية _zمصر. _2BUEsh |
|
| 651 | _2BUEsh | ||
| 653 |
_bLLAAWW _cNovember2016 |
||
| 942 | _2ddc | ||
| 999 |
_c23009 _d22981 |
||